000
00276nam a22001097a 4500
008
240627b |||||||| |||| 00| 0 eng d
100
_a
Gill, Jaswant
_9
16114
245
_a
Pungardi Jawani
260
_a
Delhi :
_b
National book Shop Pub.;
_c
1968.
300
_a
116P.
942
_c
BK
999
_c
39788
_d
39788